| 000 | 01061nam a2200265 i 4500 | ||
|---|---|---|---|
| 001 | 110846 | ||
| 003 | ES-MaACL | ||
| 005 | 20260127062540.0 | ||
| 008 | 070131s1920 sp |||| | spa d | ||
| 080 | _a349.3 | ||
| 100 | 1 |
_aBergamín, Francisco. _9148620 |
|
| 245 | 1 | 3 |
_aEl derecho social _b: discurso / _cpronunciado por Francisco Bergamín. |
| 260 |
_aMadrid : _bReus, _c1920. |
||
| 300 |
_a23 p. ; _c18 cm. |
||
| 490 | 1 |
_aPublicaciones de la Real Academia de Jurisprudencia y Legislación ; _v25 |
|
| 530 | _aDisponible en formato digital. | ||
| 594 | _aEn la sesión inaugural del curso 1920-21, el 20 de noviembre de 1920. | ||
| 650 | 7 |
_aDerecho social _2embne _9170850 |
|
| 700 |
_aReal Academia de Jurisprudencia y Legislación de España _9217612 |
||
| 830 | 0 |
_aPublicaciones de la Real Academia de Jurisprudencia y Legislación ; _v25 _9180630 |
|
| 852 |
_aES-MaACL _jL-5194 _cDEPO2 |
||
| 856 | 4 |
_uhttp://bdh-rd.bne.es/viewer.vm?id=0000228004&page=1 _y(Biblioteca Digital Hispánica) |
|
| 942 | _2udc | ||
| 999 |
_c110846 _d110846 |
||